LEADER 00455oam 2200169z- 450 001 9910477014103321 035 $a(CKB)5470000000567801 035 $a(EXLCZ)995470000000567801 100 $a20221206c2019uuuu -u- - 101 0 $aeng 200 10$aOrganization of Craft Work 210 $cTaylor & Francis 517 $aOrganization of Craft Work 906 $aBOOK 912 $a9910477014103321 996 $aOrganization of Craft Work$92991769 997 $aUNINA